Пармская обитель: Роман : [Пер. с фр.]

Detaylı Bibliyografya
Yazar: Стендаль
Diğer Yazarlar: Великовский С. (автор послесловия), Тржемецкий Б. В. (иллюстратор)
Dil:Rusça
Baskı/Yayın Bilgisi: Омск, Омское книжное изд-во, 1987
Edisyon:переиздание
Konular:
Materyal Türü: MixedMaterials Kitap
KOHA link:https://koha.lib.tpu.ru/cgi-bin/koha/opac-detail.pl?biblionumber=123167

MARC

LEADER 00000nam0a2200000 4500
001 123167
005 20231101215806.0
020 |a RU  |b 87-46279 
035 |a (RuTPU)RU\TPU\book\133338 
090 |a 123167 
100 |a 20071012d1987 m y0rusy5003 ca 
101 1 |a rus  |c fre 
102 |a RU 
105 |a a z 000ay 
200 1 |a Пармская обитель  |e Роман : [Пер. с фр.]  |f Стендаль  |g авт. послесл. С. Великовский; худож. Б. В. Тржемецкий 
205 |a переиздание 
210 |a Омск  |c Омское книжное изд-во  |d 1987 
215 |a 478,[2] с.  |c ил.  |d 21 см 
610 1 |a Италия 
610 1 |a французская литература 
610 1 |a классика 
610 1 |a романы 
610 1 |a 19 век 
610 1 |a национально-освободительное движение 
610 1 |a 19 век 
675 |a 84  |z rus  |v 3 
700 1 |a Стендаль  |c настоящее имя и фамилия Анри Мари Бейль  |c французский писатель  |f 1783-1842  |2 stltpush  |3 (RuTPU)RU\TPU\pers\442  |9 217 
702 1 |a Великовский  |b С.  |4 075 
702 1 |a Тржемецкий  |b Б. В.  |4 440 
801 0 |a RU  |b RuMRKP  |c 19950417  |g psbo 
801 2 |a RU  |b 63413507  |c 20071012  |g PSBO 
942 |c BK